Statistics for U.S. Geography by Letter - F

Click here to take the quiz!

General Stats

  • This quiz has been taken 311 times
  • The average score is 14 of 20

Answer Stats

HintAnswer% Correct
The Sunshine StateFlorida
100%
Dallas neighborFort Worth
92%
San Andreas, for exampleFault
88%
Biggest city in inland AlaskaFairbanks
83%
Biggest city in North DakotaFargo
82%
Military base that stores a lot of goldFort Knox
80%
Capital of KentuckyFrankfort
80%
Largest city in California's
Central Valley
Fresno
78%
Tourist-infested San Francisco
neighborhood
{Fisherman}'s
Wharf
75%
Nickname of Delaware{First} State
74%
Northern Arizona city on Route 66Flagstaff
73%
Decaying industrial city of MichiganFlint
72%
City just up the coast from MiamiFort Lauderdale
67%
Group of narrow lakes in New York{Finger} Lakes
66%
Second biggest city in IndianaFort Wayne
57%
Famous New Orleans neighborhoodFrench Quarter
57%
Ancestry of 13.6% of HawaiiansFilipino
52%
World's Fair site, in Queens{Flushing} Meadows
52%
Home to Colorado State UniversityFort Collins
42%
Army Special Forces headquartersFort Bragg
29%

Score Distribution

Percentile by Number Answered

Percent of People with Each Score

Your Score History

You have not taken this quiz